01516nam a22004457a 450000500170000000800410001702000180005804100080007608200180008410000380010210000400014024500970018026000130027726000250029026000090031530000180032449000470034249000270038965000550041665000210047165000430049265000270053565000280056265000270059065000270061765000280064465000270067265000310069965000290073065000390075965000250079865000260082365000500084965000320089965000400093165000310097194200120100299900170101495200390103120260406161214.0171207b2011 xxu||||| |||| 00| 0 spa d a9788436825176 aESP a650.14 C352u aCastillo Ceballos, Gerardo944819 aRodríguez Sedano, Alfredo 944820 aDe la universidad al puesto de trabajo: estrategias y recursos para acceder al primer empleo aEspaña bPiramide Grupo Anaya c2011 a295 páginas aDirección y Administración de Empresas aSecretariado Ejecutivo aÉXITO EN LA OBTENCIÓN DE EMPLEOS Y PROMOCIONES aCURRICULUM VITAE aCÓMO ADQUIRIR EXPERIENCIA DE TRABAJO aPRÁCTICA PROFESIONAL aCOMPETENCIAS PERSONALES aCAPACITACIÓN LABORAL aEXPERIENCIA DE TRABAJO aCOMPETENCIAS PERSONALES aINTELIGENCIA EMOCIONAL aDESARROLLO DE COMPETENCIAS aCOMPETENCIAS EMOCIONALES aAUTORREGULACIÓN DE LAS EMOCIONES aBÚSQUEDA DE EMPLEO aENTREVISTA DE TRABAJO aESTRATEGIAS PARA ENTRAR EN EL MERCADO LABORAL aELABORAR CURRÍCULUM VITAE aELABORAR LA CARTA DE PRESENTACIÓN aCONTENIDO DEL CURRÍCULUM cBK2ddc c10042d10042 o650.14 C352up16426xDAE x SEyBK